| 000 | 00907nac a22003137a 4500 | ||
|---|---|---|---|
| 001 | BR2016003393 | ||
| 003 | BR-BrBNA | ||
| 005 | 20240105124036.0 | ||
| 008 | 230509b bl.|||m| |||| 00| 0 por d | ||
| 040 |
_aBR-BrBNA _bpor _cBiblioteca Nacional de Agricultura |
||
| 072 | _aF04; F01; F30 | ||
| 090 | _a1623 BR2016003393 | ||
| 100 | 1 | _aMelo, R.A. de C. (ed.) | |
| 110 | 1 | _aEMBRAPA Hortaliças, Brasília, DF (Brasil) | |
| 245 | 1 | _aA cultura dos brócolis | |
| 260 | 3 |
_aBrasília, DF (Brasil): _c2015. |
|
| 300 | _a153 p. | ||
| 490 |
_aColeção Plantar (Brazil) _vno. 74 _x |
||
| 500 | _a6 tables; 33 illus.; Bibliography p. 139-153 | ||
| 650 | _aPLANTIO | ||
| 650 | _aADUBAÇÃO | ||
| 650 | _aCOLHEITA | ||
| 650 | _aCOMERCIALIZAÇÃO | ||
| 650 | _aBROCÓLIS | ||
| 650 | _aBOTÂNICA | ||
| 650 | _aVARIEDADE | ||
| 909 |
_a202312 _bLúcia Elande _c55 _dLúcia Elande |
||
| 942 |
_2AGRIS _n0 _cMS |
||
| 999 |
_c298111 _d298111 |
||